MDQL
is popping MORE tags! Check the
thread
!
Quizzes
Events
Quiz Creation
Community
Videos
Private Events
Remove Ads
Sign In
Join for FREE
Feedback
Dark Mode
Quiz Categories
Sports
Geography
Music
Movies
Television
Just For Fun
Miscellaneous
History
Literature
Language
Science
Gaming
Entertainment
Religion
Holiday
For Kids
Quiz Lab
Recent
Popular Today
Quiz Kudos Today
Editor Picks
Curator Picks
Quizzes by...
Day
Popularity
Type
Ratings
Length
Year
Community
Subscriptions
Recent Discussions
Orange Saloon
Badges
Playlists
Quests
Create
Leaderboards
Showdown
Live 5
Trivia Bingo
Activity
Puzzle Library
Sporcle Events
Private Events
Virtual Trivia
Globe League
Become a Host
Pub Owners
SporcleCon
Opinionation
Our Games
Videos
Blog
Mobile Apps
Partnerships
Remove Ads and Go Orange
Feedback
Sports
Athletes
MLB
NBA
NHL
NFL
Soccer
Sports Teams
WWE
NCAA
Football
Premier League
Basketball
Baseball
Hockey
Golf
Tennis
Cricket
Rugby
Auto Racing
Olympics
World Cup
Sports
Athletes
MLB
NBA
NHL
NFL
Soccer
Sports Teams
WWE
NCAA
Football
Premier League
Basketball
Baseball
Hockey
Golf
Tennis
Cricket
Rugby
Auto Racing
Olympics
World Cup
Random Quiz
Search Sporcle
×
Quiz Lab
Quiz Lab
Sports
Olympics
Type in answers that appear in a list
Type in answers that appear in a list
Classic
Best Score? Go Orange.
USA/NBA Olympic Teams (1992,1996,2000,2004,2008,2012) Stats
Can you name the rosters for the USA/NBA Olympic Teams (1992, 1996, 2000, 2004, 2008)?
By
invocation
9m
72 Questions
16.2K Plays
16,208 Plays
16,208 Plays
Comments
Comments
Give Quiz Kudos
Give Quiz Kudos
-
- Ratings
hide this ad
Replay
Link that replays current quiz
Next Quiz
Link to next quiz in quiz playlist
You Got
0%
They Got
Avg Score
68%
Avg Friend Score
Upgrade to see
Score Distribution
Jump to the score distribution portion of the page
Score
0/72
Timer
09:00
1
Play Today
Location/Year of Event
Player
% Correct
Barcelona 1992
Michael Jordan
98.2%
Beijing 2008
LeBron James
97.8%
London 2012
LeBron James
97.8%
Athens 2004
LeBron James
97.5%
London 2012
Kobe Bryant
96.6%
Beijing 2008
Carmelo Anthony
96.2%
London 2012
Carmelo Anthony
96.2%
Atlanta 1996
Scottie Pippen
96.1%
Barcelona 1992
Magic Johnson
95.5%
Atlanta 1996
Karl Malone
95.5%
London 2012
Kevin Durant
95.2%
Atlanta 1996
John Stockton
94.8%
Atlanta 1996
David Robinson
94.4%
Beijing 2008
Dwyane Wade
94.2%
Beijing 2008
Kobe Bryant
94.2%
London 2012
Russell Westbrook
93.8%
London 2012
Chris Paul
93.7%
Barcelona 1992
Larry Bird
93.7%
Barcelona 1992
Scottie Pippen
93.7%
Barcelona 1992
Karl Malone
92.7%
Atlanta 1996
Charles Barkley
92.5%
Atlanta 1996
Shaquille O'Neal
92.1%
Barcelona 1992
John Stockton
92%
Athens 2004
Dwyane Wade
91.8%
Barcelona 1992
David Robinson
90.9%
Barcelona 1992
Patrick Ewing
90.8%
Barcelona 1992
Charles Barkley
90.7%
Athens 2004
Carmelo Anthony
90.3%
London 2012
Deron Williams
88.6%
Sydney 2000
Gary Payton
88.2%
Beijing 2008
Chris Paul
87.6%
Beijing 2008
Jason Kidd
87.5%
London 2012
James Harden
86.3%
London 2012
Kevin Love
86.2%
Athens 2004
Allen Iverson
85.7%
Athens 2004
Tim Duncan
85.7%
Location/Year of Event
Player
% Correct
Sydney 2000
Kevin Garnett
85.3%
Barcelona 1992
Clyde Drexler
84.2%
Sydney 2000
Jason Kidd
83.9%
Beijing 2008
Dwight Howard
82.9%
Beijing 2008
Deron Williams
82.5%
Sydney 2000
Vince Carter
82.1%
London 2012
Anthony Davis
81.9%
Barcelona 1992
Chris Mullin
80%
Beijing 2008
Chris Bosh
79.9%
Atlanta 1996
Gary Payton
79.2%
Atlanta 1996
Reggie Miller
78.9%
Sydney 2000
Ray Allen
77.3%
Atlanta 1996
Hakeem Olajuwon
76%
Atlanta 1996
Penny Hardaway
75.5%
Sydney 2000
Tim Hardaway
75.5%
Barcelona 1992
Christian Laettner
74.5%
Athens 2004
Amar'e Stoudemire
73%
Beijing 2008
Carlos Boozer
71.1%
London 2012
Tyson Chandler
70.6%
Sydney 2000
Alonzo Mourning
66.2%
Beijing 2008
Michael Redd
65.5%
Athens 2004
Carlos Boozer
62%
Atlanta 1996
Grant Hill
61.1%
Beijing 2008
Tayshaun Prince
58.3%
Athens 2004
Shawn Marion
58.3%
Athens 2004
Stephon Marbury
55.8%
Athens 2004
Richard Jefferson
52%
Sydney 2000
Allan Houston
50.3%
Sydney 2000
Steve Smith
49%
Atlanta 1996
Mitch Richmond
48.1%
London 2012
Andre Iguodala
44.2%
Athens 2004
Emeka Okafor
40.9%
Sydney 2000
Shareef Abdur-Rahim
35.4%
Athens 2004
Lamar Odom
32.8%
Sydney 2000
Vin Baker
30%
Sydney 2000
Antonio McDyess
25.4%
Quiz Playlist
Details
Report
Send in Message
Add To Playlist
Classic:
Type in answers that appear in a list
Last Updated: Feb 16, 2017
Quiz Scoreboard
CHALLENGE
Sign Up to Join the Scoreboard
Show All
Scores
Hide
Comments
May contain spoilers
Recently Published
Holiday 10x10 Sorting Gallery
by lukepisani3
Holiday
15m
Two Season TV Shows II
by 123Four
Television
10m
Image Sorting: Flags VI
by Barbecue
Geography
2m
More to Explore
Quiz From the Vault
Featured Blog Post
14 Easter Pick-up Lines to Find Eggs With
hide this ad
You Might Also Like...
Tags
Basketball Quiz
NBA Quiz
Olympics Quiz
Today's Top Quizzes in Sports
Browse Sports
hide this ad
Today's Top Quizzes in Olympics
Browse Olympics
Top Contributed Quizzes in Sports
1
Les meilleurs buteurs des matchs entre le PSG et l’OM
2
Les entraîneurs de l'OM et du PSG au 21e siècle
3
2022 World Cup Stars
4
Les joueurs passés par le PSG et l'OM
5
Players with Multiple 50 Home Run Seasons
6
FIFA Club World Cup Champions
7
Top 10 NHL Goal Scorers of All Time
8
Les joueurs passés par le LOSC et le RC Lens
9
Criteria MLB: Left Handed Sluggers
10
2023 MLB Unique Player Accomplishments
Explore More
Trending Topics
Marvel
Harry Potter
Anime
Disney
NBA
Crossword
Kpop
Song
Country
Pokémon
Soccer
WWE
NFL
Puzzle
The Office
hide this ad
More By:
invocation
Quiz
Plays
Rating
Category
Featured
Created
USA/NBA Olympic Teams (1992,1996,2000,2004,2008,2012)
16,208
4.16
Sports
Jan 5, 2012
NBA All-Stars Drafted from High School or Foreign
192
4.00
Sports
Jan 11, 2012
NBA All-Stars 6'8' Up
89
1.50
Sports
Jan 4, 2012
Go to Creator's Profile
Score Distribution
Quiz Creator Spotlight
invocation
Follow
Send a Message
Quizzes Created
-
Created Quiz Play Count
-
More By This Creator
Popular Quizzes Today
1
Find the US States - No Outlines Minefield
2
Colored Red Africa Blitz
3
Find the 'City' Movie
4
The Countries of the World
5
5x2 Blitz: Bands
6
Find the Countries of Europe - No Outlines Minefield
7
Find the US States
8
US States
More Sports Quizzes
Ligue 1 XIs: Bordeaux since 1995/1996
Quiz Lab
Trending Quizzes
Colored Red Europe Blitz I
Colored Red Europe Blitz II
Colored Red Africa Blitz II
Even More Two Season TV Shows
Colored Red Africa Blitz III
Recently Updated
Odd Team Out - Big 4 Players
pecheneg
Quick Pick: 20 Twenties
pecheneg
March Madness Men's Triple Doubles
pecheneg
How Do You Spell That?
pecheneg
Godzilla Movies
pecheneg
Grab Bag: 4-10 Letters
pecheneg
2024 March Madness Bracket
pecheneg
Famous TV Couples
Peacemaker
Champions League XIs: Real Madrid
pecheneg
Largest US Cities 1790-2010
pecheneg
Trending Topics
Marvel
Anime
NBA
Crossword
Kpop
Harry Potter
Disney
The Office
Song
WWE
Country
NFL
Soccer
Puzzle
Pokémon
Your Account Isn't Verified!
In order to create a playlist on Sporcle, you need to verify the email address you used during registration. Go to your
Sporcle Settings
to finish the process.
Report this User
Report this user for behavior that violates our
Community Guidelines
.
Details:
Send Report
Go to the Sporcle.com Mobile Site →
Comments